| 000 | 00663cam a22002413a 4500 | ||
|---|---|---|---|
| 001 | 32745 | ||
| 003 | PGUSA | ||
| 005 | 20140828083717.0 | ||
| 008 | 100608s2010||||xxu|||||s|||||000 1 eng d | ||
| 040 |
_aPGUSA _beng |
||
| 042 | _adc | ||
| 050 | 4 | _aPS | |
| 100 | 1 |
_aJones, Raymond F., _d1915-1994 |
|
| 245 | 1 | 4 |
_aThe Unlearned _h[electronic resource] / _cRaymond F. Jones |
| 260 |
_bProject Gutenberg, _c2010 |
||
| 506 | _aPublic domain in the USA. | ||
| 516 | _aElectronic text | ||
| 653 | _aScience fiction | ||
| 700 | 1 |
_aEmshwiller, Ed, _d1925-1990 |
|
| 830 | 0 |
_aProject Gutenberg _v32745 |
|
| 856 | 4 | 0 | _uhttp://www.gutenberg.org/ebooks/32745 |
| 942 | _cEB | ||
| 999 |
_c262000 _d262000 |
||